000 00710nam a2200253 i 4500
001 C2-0167192
003 PPAK
005 20180727133507.0
008 980705s1996 my |||| ||||| | may d
020 _a9678906260
040 _aPPAK
_beng
_cPPAK
_erda
082 0 4 _a354.595
_223
090 0 0 _a354.595
_bMAL
_dR
110 2 _aMalaysia
245 0 0 _aPerintah-perintah Am dan arahan pentadbiran
264 1 _aKuala Lumpur :
_bInternational Law Book Services ,
_c1996
300 _a587 pages ;
_c24 cm
336 _2rdacontent
_atext
337 _2rdamedia
_aunmediated
338 _2rdacarrier
_avolume
650 1 0 _aPublic administration - Malaysia.
710 2 _aMalaysia
_eorganizer
942 _ddc
_cB
999 _c49352
_d49352